| 000 | 00565nam a22001577a 4500 | ||
|---|---|---|---|
| 005 | 20120526130734.0 | ||
| 020 |
_a8187046031 _c00 |
||
| 035 | _aA-944978 | ||
| 037 |
_aDPL _bENG |
||
| 245 |
_aLaw points for law entrants / _cedited by Nomita Aggarwal |
||
| 260 |
_aDelhi _bIndian Tax Institute _c1998 |
||
| 300 |
_aviii, 140p. _c20 cms. |
||
| 700 |
_aAggarwal, Nomita _948010 |
||
| 942 |
_2ddc _cEN _h340.7 _mAGG |
||
| 999 |
_c67216 _d67216 |
||